Zweiter Weltkrieg Trivia #2 - Statistiken

Allgemein
  • Dieses Quiz wurde 568 mal gespielt
  • Das Durchschnittsergebnis liegt bei 10 aus 20
Antwortstatistiken
Hinweis Antwort % Korrekt
Hitlers Geburtsland Österreich
89%
Japanische Stadt, die von einer Atombombe getroffen wurde Hiroshima
87%
Hitlers Amtsbezeichnung Führer
83%
Japanische Stadt, die von einer Atombombe getroffen wurde Nagasaki
83%
Zitat von Winston Churchill Blut, {Schweiß} und Tränen
81%
Hitlers Freundin Eva Braun
75%
Wendepunkt an der Ostfront in Europa Schlacht von {Stalingrad}
64%
Deutscher General, der "Wüstenfuchs" genannt wurde Erwin Rommel
63%
Region Frankreichs, die am D-Day (auch Tag X genannt) von den Alliierten gestürmt wurde Normandie
63%
System an Verteidigungen, die Frankreich vor Deutschland schützen sollte Die {Maginot} Linie
39%
Mussolinis Spitzname Il {Duce}
36%
Deutscher Gegenangriff an der Westfront im späten 1944 {Ardennen}offensive
34%
Luftschlacht der deutschen Streitkräfte nach dem Sieg über Frankreich, um die Kapitulation ___ zu erzwingen des Vereinigten Königreichs
31%
Von Deutschland zwischen 1941 und 1944 belagerte Stadt Leningrad
29%
Hauptstadt des "unabhängigen" Frankreichs von 1940-44 Vichy
28%
Zitat von Winston Churchill Dies war ihre {beste} Stunde
25%
Es erlaubte Deutschland, Teile der Tschechoslowakei zu annektieren {Münchner} Abkommen
23%
General, der sagte: „Ich werde zurückkehren“, als er gezwungen war, die Philippinen zu verlassen Douglas MacArthur
16%
Militärischer Name für die geplante Invasion Japans durch die Alliierten Operation Downfall
2%
Spitzname für Fabrikarbeiterinnen in den USA {Rosie} the Riveter
1%
Keine übereinstimmenden Quizze gefunden
Verteilung der Resultate
Anzahl Personen mit jedem Resultat
Perzentil nach korrekt beantworteten Fragen
Ihre Resultats-Entwicklung
Sie haben dieses Quiz noch nicht gespielt